000 00644cam a2200193 4500500
005 20260405004001.0
041 _afre
042 _adc
100 1 0 _aBronner, Gérald
_eauthor
700 1 0 _aNicolas, Ariane
_eauthor
245 0 0 _aGérald Bronner : “Face aux fausses informations, l’interdiction n’est pas la solution”
260 _c2026.
500 _a77
690 _aCensure
690 _aGérald Bronner
690 _aInfox
786 0 _nPhilosophie magazine | 196 | 1 | 2026-01-01 | p. 12-13 | 1951-1787
856 4 1 _uhttps://shs.cairn.info/magazine-philosophie-magazine-2026-1-page-12?lang=fr&redirect-ssocas=7080
999 _c2072646
_d2072646